00429nam a2200181Ia 450000500170000000800460001703700100006304000080007304000080008104000080008904100080009704100080010508400080011310000170012124500380013826000090017685600620018520260320201420.0008 262003s9999 xx 000 0 eng d aEBOOK aCRL beng cCRL 2eng aeng qCRL ade Neufville 0aFlexibility in Engineering Design bIEEE uhttps://ieeexplore.ieee.org/servlet/opac?bknumber=6267551